Modern analytic mechanics / (Record no. 29217)

000 -LEADER
fixed length control field 00612 a2200181 4500
020 ## - INTERNATIONAL STANDARD BOOK NUMBER
International Standard Book Number 1441933034
020 ## - INTERNATIONAL STANDARD BOOK NUMBER
International Standard Book Number 9781441933034
082 04 - DEWEY DECIMAL CLASSIFICATION NUMBER
Classification number 531
090 ## - LOCALLY ASSIGNED LC-TYPE CALL NUMBER (OCLC); LOCAL CALL NUMBER (RLIN)
-- 587
-- 587
100 1# - MAIN ENTRY--PERSONAL NAME
Personal name Pellegrini, Claudio.
245 10 - TITLE STATEMENT
Title Modern analytic mechanics /
Statement of responsibility, etc. Claudio Pellegrini, Richard K. Cooper.
250 ## - EDITION STATEMENT
Edition statement Softcover reprint of hardcover 1st ed. 1999.
260 ## - PUBLICATION, DISTRIBUTION, ETC.
Place of publication, distribution, etc. [S.l.] :
Name of publisher, distributor, etc. Springer,
Date of publication, distribution, etc. 1999
300 ## - PHYSICAL DESCRIPTION
Extent 346 p. ;
Dimensions 25 cm.
700 1# - ADDED ENTRY--PERSONAL NAME
Personal name Cooper, Richard K.
942 ## - ADDED ENTRY ELEMENTS (KOHA)
Institution code [OBSOLETE] SNS
Koha item type Book
Call number prefix 531 COO
Holdings
Withdrawn status Lost status Damaged status Not for loan Permanent Location Current Location Date acquired Total Checkouts Full call number Barcode Date last seen Price effective from Koha item type
        School of Natural Sciences (SNS) School of Natural Sciences (SNS) 05/26/2016   531 COO SNS0000735 05/26/2016 05/26/2016 Book
© 2023 Central Library, National University of Sciences and Technology. All Rights Reserved.